[Event "Victor Ciocaltea Memorial 2011"]
[Site "Bucharest ROU"]
[Date "2011.03.25"]
[Round "1.1"]
[White "Baratosi, Daniel"]
[Black "Posedaru, Bogdan"]
[Result "1-0"]
[WhiteElo "2390"]
[BlackElo "2318"]
[PlyCount "91"]
[EventDate "2011.03.25"]
[EventType "tourn"]
[EventRounds "11"]
[EventCountry "ROM"]
[EventCategory "8"]
[Source "lmi"]
[SourceDate "2011.03.28"]

1. e4 e5 2. Nf3 Nf6 3. d4 Nxe4 4. Bd3 d5 5. Nxe5 Nd7 6. Nxd7 Bxd7 7. O-O Bd6 8.
Nc3 Nxc3 9. bxc3 O-O 10. Qh5 f5 11. Rb1 b6 12. Re1 Qf6 13. Qf3 Kh8 14. Bf4 Rae8
15. Qxd5 Be6 16. Qf3 Bxa2 17. Rxe8 Rxe8 18. Ra1 Qe6 19. Bxd6 cxd6 20. Qxf5 Qxf5
21. Bxf5 a5 22. Bd3 Bf7 23. c4 g6 24. f3 Rc8 25. d5 Kg7 26. Kf2 Kf6 27. Ke3 Be8
28. Kd4 Bd7 29. h4 h6 30. Rb1 Rb8 31. Kc3 Kf7 32. g4 Kg7 33. Re1 Kf7 34. Rb1
Kg7 35. Kd4 Kf7 36. g5 hxg5 37. hxg5 Kg7 38. Re1 Kf7 39. Rh1 Kg7 40. Rh6 Be8
41. f4 a4 42. Kc3 a3 43. Kb3 Ra8 44. Ka2 Ra4 45. f5 gxf5 46. Rxd6 1-0

[Event "Victor Ciocaltea Memorial 2011"]
[Site "Bucharest ROU"]
[Date "2011.03.25"]
[Round "1.2"]
[White "Leniart, Arkadiusz"]
[Black "Miron, Lucian-Costin"]
[Result "1/2-1/2"]
[WhiteElo "2442"]
[BlackElo "2501"]
[PlyCount "95"]
[EventDate "2011.03.25"]
[EventType "tourn"]
[EventRounds "11"]
[EventCountry "ROM"]
[EventCategory "8"]
[Source "lmi"]
[SourceDate "2011.03.28"]

1. d4 d5 2. c4 e6 3. Nc3 c5 4. cxd5 exd5 5. Nf3 Nc6 6. g3 Nf6 7. Bg2 Be7 8. O-O
O-O 9. Bf4 a6 10. Rc1 Re8 11. e3 cxd4 12. Nxd4 Bg4 13. Qd3 h6 14. h3 Be6 15. g4
Qb6 16. Nf5 Bf8 17. Qb1 h5 18. g5 Ne4 19. Nxe4 dxe4 20. Bxe4 g6 21. Bxc6 bxc6
22. Nd4 Bd5 23. f3 c5 24. Ne2 Qe6 25. Nc3 Bc6 26. Kg2 Rad8 27. Rcd1 Bd6 28.
Bxd6 Rxd6 29. e4 Rd4 30. Qc1 Red8 31. Qf4 Rxd1 32. Rxd1 Rxd1 33. Nxd1 Bd7 34.
h4 Qxa2 35. Qb8+ Kh7 36. Nc3 Qc4 37. Qd6 Be6 38. Qd2 Kg7 39. Nd5 Bxd5 40. exd5
Kf8 41. d6 Ke8 42. Qe3+ Qe6 43. Qxc5 Qe2+ 44. Qf2 Qe5 45. Qb6 Qe2+ 46. Kg3 Qe1+
47. Kg2 Qe2+ 48. Kg3 1/2-1/2

[Event "Victor Ciocaltea Memorial 2011"]
[Site "Bucharest ROU"]
[Date "2011.03.25"]
[Round "1.3"]
[White "Szabo, Gergely-Andras-Gyul"]
[Black "Tazbir, Marcin"]
[Result "1-0"]
[WhiteElo "2534"]
[BlackElo "2527"]
[PlyCount "69"]
[EventDate "2011.03.25"]
[EventType "tourn"]
[EventRounds "11"]
[EventCountry "ROM"]
[EventCategory "8"]
[Source "lmi"]
[SourceDate "2011.03.28"]

1. d4 d5 2. Nf3 Nc6 3. g3 Bf5 4. Bg2 e6 5. O-O Nf6 6. c4 Be7 7. Nc3 Ne4 8. Nd2
Nxd2 9. Bxd2 dxc4 10. e4 Bg6 11. Be3 O-O 12. f4 f6 13. Rf2 a6 14. Rd2 Qe8 15.
g4 e5 16. dxe5 fxe5 17. f5 Bf7 18. g5 Nd4 19. Kh1 Bh5 20. Qf1 b5 21. Qf2 Rd8
22. Qg3 Bb4 23. Qh3 g6 24. Rf2 Bxc3 25. bxc3 Ne2 26. Raf1 Nf4 27. Bxf4 exf4 28.
Rxf4 Rd3 29. Qh4 Rf7 30. e5 Rxf5 31. Be4 Rxf4 32. Qxf4 Rd8 33. Qf6 Rd2 34. Bc6
Qd8 35. Qxd8+ 1-0

[Event "Victor Ciocaltea Memorial 2011"]
[Site "Bucharest ROU"]
[Date "2011.03.25"]
[Round "1.4"]
[White "Shishkin, Vadim"]
[Black "Soltanici, Ruslan"]
[Result "1-0"]
[WhiteElo "2449"]
[BlackElo "2373"]
[PlyCount "77"]
[EventDate "2011.03.25"]
[EventType "tourn"]
[EventRounds "11"]
[EventCountry "ROM"]
[EventCategory "8"]
[Source "lmi"]
[SourceDate "2011.03.28"]

1. d4 Nf6 2. c4 e6 3. Nc3 Bb4 4. Qc2 O-O 5. a3 Bxc3+ 6. Qxc3 b6 7. Bg5 Bb7 8.
Nf3 d6 9. Nd2 Nbd7 10. f3 c5 11. e4 h6 12. Bh4 Re8 13. Bd3 Rc8 14. O-O cxd4 15.
Qxd4 Qc7 16. Rfe1 Nh5 17. b4 Ne5 18. Bf1 Nc6 19. Qb2 Nf4 20. Rad1 Ne5 21. Qd4
Nfg6 22. Bg3 h5 23. h3 h4 24. Bh2 Qe7 25. f4 Nc6 26. Qe3 Rcd8 27. Nf3 Rd7 28.
Qf2 Rc8 29. f5 Nge5 30. Nxh4 Rdc7 31. Bf4 Nb8 32. fxe6 fxe6 33. Bxe5 dxe5 34.
Qg3 Nd7 35. Ng6 Qf6 36. h4 Kh7 37. h5 Kh6 38. Rd6 Kxh5 39. Be2+ 1-0

[Event "Victor Ciocaltea Memorial 2011"]
[Site "Bucharest ROU"]
[Date "2011.03.25"]
[Round "1.5"]
[White "Murariu, Andrei"]
[Black "Grigore, George-Gabriel"]
[Result "1/2-1/2"]
[WhiteElo "2503"]
[BlackElo "2528"]
[PlyCount "27"]
[EventDate "2011.03.25"]
[EventType "tourn"]
[EventRounds "11"]
[EventCountry "ROM"]
[EventCategory "8"]
[Source "lmi"]
[SourceDate "2011.03.28"]

1. e4 c5 2. Nf3 Nc6 3. d3 g6 4. g3 Bg7 5. Bg2 e5 6. O-O Nge7 7. c3 O-O 8. a4 d5
9. Na3 h6 10. exd5 Nxd5 11. Nc4 Re8 12. Be3 Nxe3 13. Nxe3 Be6 14. Qc2 1/2-1/2

[Event "Victor Ciocaltea Memorial 2011"]
[Site "Bucharest ROU"]
[Date "2011.03.25"]
[Round "1.6"]
[White "Thesing, Matthias"]
[Black "Georgescu, Tiberiu-Marian"]
[Result "0-1"]
[WhiteElo "2423"]
[BlackElo "2388"]
[PlyCount "72"]
[EventDate "2011.03.25"]
[EventType "tourn"]
[EventRounds "11"]
[EventCountry "ROM"]
[EventCategory "8"]
[Source "lmi"]
[SourceDate "2011.03.28"]

1. d4 Nf6 2. Nf3 g6 3. Nc3 d5 4. Bf4 Bg7 5. e3 O-O 6. Be2 b6 7. Ne5 Bb7 8. h4
Nbd7 9. h5 Nxe5 10. Bxe5 Ne4 11. hxg6 hxg6 12. Bd3 Bxe5 13. dxe5 Nxc3 14. Qg4
Kg7 15. bxc3 Rh8 16. Kd2 e6 17. Qf4 Qe7 18. f3 c5 19. g4 f6 20. g5 fxg5 21. Qg4
Raf8 22. Rag1 c4 23. Be2 Rxh1 24. Rxh1 Rh8 25. Rg1 b5 26. f4 b4 27. Qxg5 bxc3+
28. Kxc3 d4+ 29. exd4 Rh3+ 30. Kd2 Qb4+ 31. Kc1 Qa3+ 32. Kd1 Be4 33. Qf6+ Kh7
34. Bxc4 Bxc2+ 35. Kxc2 Rh2+ 36. Kd1 Qf3+ 0-1

[Event "Victor Ciocaltea Memorial 2011"]
[Site "Bucharest ROU"]
[Date "2011.03.26"]
[Round "2.1"]
[White "Posedaru, Bogdan"]
[Black "Georgescu, Tiberiu-Marian"]
[Result "1/2-1/2"]
[WhiteElo "2318"]
[BlackElo "2388"]
[PlyCount "102"]
[EventDate "2011.03.25"]
[EventType "tourn"]
[EventRounds "11"]
[EventCountry "ROM"]
[EventCategory "8"]
[Source "lmi"]
[SourceDate "2011.03.28"]

1. d4 Nf6 2. c4 g6 3. Nc3 Bg7 4. e4 d6 5. f3 O-O 6. Be3 a6 7. Qd2 Nbd7 8. O-O-O
b5 9. e5 Ne8 10. cxb5 axb5 11. Bxb5 Bb7 12. Nge2 c6 13. Bc4 Nb6 14. Bb3 Ba6 15.
Bh6 Nc4 16. Qf4 Qa5 17. Bxg7 Nxg7 18. exd6 Rfb8 19. Kc2 Ne6 20. Qe4 exd6 21.
Bxc4 Bxc4 22. Nc1 d5 23. Qe1 c5 24. dxc5 d4 25. Ne4 d3+ 26. Nxd3 Nd4+ 27. Kc1
Qxa2 28. Nf6+ Kg7 29. Qe5 Qa1+ 30. Kd2 Rxb2+ 31. Nxb2 Qxb2+ 32. Ke3 Ra3+ 33.
Ke4 Qe2+ 34. Kxd4 Rd3+ 35. Kxc4 Re3+ 36. Kd4 Rxe5 37. Ne4 Qb2+ 38. Nc3 f6 39.
Kc4 Qxg2 40. Rhe1 Rf5 41. Rd3 Rxf3 42. Rxf3 Qxf3 43. Nd5 Qg4+ 44. Kb5 Qd7+ 45.
Kc4 Kf7 46. Nb4 Qd2 47. Nd3 Qxh2 48. Rc1 Ke6 49. c6 Kd6 50. Kd4 Qh4+ 51. Ke3
Qg5+ 1/2-1/2

[Event "Victor Ciocaltea Memorial 2011"]
[Site "Bucharest ROU"]
[Date "2011.03.26"]
[Round "2.2"]
[White "Grigore, George-Gabriel"]
[Black "Thesing, Matthias"]
[Result "1/2-1/2"]
[WhiteElo "2528"]
[BlackElo "2423"]
[PlyCount "55"]
[EventDate "2011.03.25"]
[EventType "tourn"]
[EventRounds "11"]
[EventCountry "ROM"]
[EventCategory "8"]
[Source "lmi"]
[SourceDate "2011.03.28"]

1. d4 Nf6 2. c4 e6 3. Nc3 Bb4 4. Qc2 O-O 5. a3 Bxc3+ 6. Qxc3 d5 7. Nf3 dxc4 8.
Qxc4 b6 9. g3 Bb7 10. Bg2 Nbd7 11. b4 Bd5 12. Qc3 a5 13. bxa5 Rxa5 14. O-O c5
15. dxc5 Ne4 16. Qe3 bxc5 17. Rb1 Qa8 18. Rd1 Nd6 19. Ne1 Nc4 20. Qc3 Ndb6 21.
e4 Bc6 22. Nd3 Rd8 23. Re1 Qa7 24. Ne5 Nxe5 25. Qxe5 Nc4 26. Qc3 Ra4 27. Bf1
Qa5 28. Rd1 1/2-1/2

[Event "Victor Ciocaltea Memorial 2011"]
[Site "Bucharest ROU"]
[Date "2011.03.26"]
[Round "2.3"]
[White "Soltanici, Ruslan"]
[Black "Murariu, Andrei"]
[Result "1-0"]
[WhiteElo "2373"]
[BlackElo "2503"]
[PlyCount "101"]
[EventDate "2011.03.25"]
[EventType "tourn"]
[EventRounds "11"]
[EventCountry "ROM"]
[EventCategory "8"]
[Source "lmi"]
[SourceDate "2011.03.28"]

1. e4 c5 2. Nf3 Nc6 3. d4 cxd4 4. Nxd4 Nf6 5. Nc3 d6 6. Bg5 Bd7 7. Qd2 Rc8 8.
Nb3 a6 9. O-O-O e6 10. f4 h6 11. Bxf6 gxf6 12. Kb1 b5 13. f5 h5 14. Ne2 Qc7 15.
g3 Ne5 16. Nf4 Bc6 17. Qe2 exf5 18. Bg2 fxe4 19. Bxe4 h4 20. Nd4 Bb7 21. Bxb7
Qxb7 22. Rhf1 hxg3 23. hxg3 Kd7 24. Nf5 Kc7 25. Nd5+ Kb8 26. Nxf6 Qc6 27. Nd5
Qc5 28. b3 Kb7 29. Nf6 Qb4 30. Qe4+ Qxe4 31. Nxe4 Kc7 32. Nfxd6 Bxd6 33. Rxd6
Ra8 34. Rd5 Rae8 35. Rf5 Rh1+ 36. Kb2 Nc4+ 37. bxc4 Rxe4 38. Rxf7+ Kb6 39. Rd6+
Kc5 40. Rxa6 Rxc4 41. Rf5+ Kd4 42. Rd6+ Ke4 43. Rf4+ Ke5 44. Rxc4 bxc4 45. Rg6
Kd4 46. Rg4+ Kd5 47. Kc3 Ra1 48. Rd4+ Ke5 49. Rxc4 Rxa2 50. Rg4 Ra8 51. Kd3 1-0

[Event "Victor Ciocaltea Memorial 2011"]
[Site "Bucharest ROU"]
[Date "2011.03.26"]
[Round "2.4"]
[White "Tazbir, Marcin"]
[Black "Shishkin, Vadim"]
[Result "0-1"]
[WhiteElo "2527"]
[BlackElo "2449"]
[PlyCount "88"]
[EventDate "2011.03.25"]
[EventType "tourn"]
[EventRounds "11"]
[EventCountry "ROM"]
[EventCategory "8"]
[Source "lmi"]
[SourceDate "2011.03.28"]

1. e4 c5 2. Nf3 Nc6 3. d4 cxd4 4. Nxd4 Nf6 5. Nc3 d6 6. Bg5 Bd7 7. Qd2 h6 8.
Bxf6 gxf6 9. O-O-O Nxd4 10. Qxd4 Qa5 11. Bc4 Rc8 12. Bb3 Qc5 13. Qd2 a5 14. f4
b5 15. a4 bxa4 16. Nxa4 Qa7 17. e5 fxe5 18. fxe5 Bg7 19. exd6 e6 20. Rhe1 O-O
21. Qe3 Qb7 22. Qb6 Qa8 23. Nc5 a4 24. Bd5 exd5 25. Nxd7 a3 26. Nxf8 axb2+ 27.
Kd2 Qa4 28. Qb3 Qxb3 29. cxb3 Bc3+ 30. Kc2 Bxe1+ 31. Kxb2 Bc3+ 32. Kb1 Kxf8 33.
Rxd5 Rd8 34. Kc2 Bb4 35. d7 Ke7 36. Rh5 Rxd7 37. Rh4 Bd2 38. b4 Bg5 39. Re4+
Kd8 40. h4 Bf6 41. Rf4 Rd6 42. Kb3 Ke7 43. Kc4 Rd2 44. Re4+ Kd6 0-1

[Event "Victor Ciocaltea Memorial 2011"]
[Site "Bucharest ROU"]
[Date "2011.03.26"]
[Round "2.5"]
[White "Miron, Lucian-Costin"]
[Black "Szabo, Gergely-Andras-Gyul"]
[Result "0-1"]
[WhiteElo "2501"]
[BlackElo "2534"]
[PlyCount "81"]
[EventDate "2011.03.25"]
[EventType "tourn"]
[EventRounds "11"]
[EventCountry "ROM"]
[EventCategory "8"]
[Source "lmi"]
[SourceDate "2011.03.28"]

1. d4 e6 2. c4 f5 3. g3 Nf6 4. Bg2 c6 5. Nf3 d5 6. Nbd2 Bd6 7. Ne5 O-O 8. O-O
Nbd7 9. Ndf3 Ne4 10. Bf4 Nxe5 11. Bxe5 b6 12. Qa4 Bb7 13. Rac1 c5 14. Rfd1 Qe7
15. Bxd6 Qxd6 16. dxc5 bxc5 17. e3 Qb6 18. Qa3 Rfd8 19. Ne5 Rac8 20. b3 a5 21.
cxd5 exd5 22. Nd3 d4 23. exd4 Rxd4 24. Nb2 Rxd1+ 25. Rxd1 Nc3 26. Nc4 Ne2+ 27.
Kf1 Bxg2+ 28. Kxg2 Qc6+ 29. f3 Nd4 30. Rd3 Re8 31. Qxa5 Nxf3 32. Rxf3 Re2+ 33.
Kg1 Qxf3 34. Qd8+ Kf7 35. Qc7+ Kf6 36. Qd8+ Kf7 37. Qc7+ Kf8 38. Qxc5+ Re7 39.
Nd2 Qd3 40. Qc8+ Kf7 41. Qc4+ 0-1

[Event "Victor Ciocaltea Memorial 2011"]
[Site "Bucharest ROU"]
[Date "2011.03.26"]
[Round "2.6"]
[White "Baratosi, Daniel"]
[Black "Leniart, Arkadiusz"]
[Result "1/2-1/2"]
[WhiteElo "2390"]
[BlackElo "2442"]
[PlyCount "34"]
[EventDate "2011.03.25"]
[EventType "tourn"]
[EventRounds "11"]
[EventCountry "ROM"]
[EventCategory "8"]
[Source "lmi"]
[SourceDate "2011.03.28"]

1. Nf3 Nf6 2. d4 d5 3. c4 c6 4. cxd5 cxd5 5. Nc3 Nc6 6. Bf4 e6 7. e3 Be7 8. Bd3
O-O 9. h3 a6 10. O-O b5 11. Nd2 Bb7 12. Nb3 Nd7 13. a4 b4 14. Ne2 g6 15. Rc1
Rc8 16. Bh6 Re8 17. Nf4 Bg5 1/2-1/2

[Event "Victor Ciocaltea Memorial 2011"]
[Site "Bucharest ROU"]
[Date "2011.03.27"]
[Round "3.1"]
[White "Leniart, Arkadiusz"]
[Black "Posedaru, Bogdan"]
[Result "0-1"]
[WhiteElo "2442"]
[BlackElo "2318"]
[PlyCount "128"]
[EventDate "2011.03.25"]
[EventType "tourn"]
[EventRounds "11"]
[EventCountry "ROM"]
[EventCategory "8"]
[Source "lmi"]
[SourceDate "2011.03.28"]

1. e4 e5 2. d4 exd4 3. Nf3 Nc6 4. Nxd4 Nf6 5. Nxc6 bxc6 6. e5 Qe7 7. Qe2 Nd5 8.
c4 Ba6 9. b3 g5 10. Ba3 Nb4 11. Bb2 Bg7 12. a3 Nd5 13. g3 O-O-O 14. Nd2 Nb6 15.
O-O-O Rhe8 16. f4 gxf4 17. gxf4 Bh6 18. Qf2 Bb7 19. Rg1 d6 20. exd6 cxd6 21.
Bh3+ Kb8 22. Rge1 Qf8 23. Ne4 f5 24. Nxd6 Rxe1 25. Rxe1 Rxd6 26. c5 Rd3 27. Bf1
Rxb3 28. cxb6 Rxb6 29. Qe3 Bc8 30. Bd4 Rb7 31. Be5+ Ka8 32. Bg2 Bd7 33. Rd1 Qf7
34. Qc3 Rb6 35. Rd6 Qa2 36. Bxc6+ Bxc6 37. Rd8+ Kb7 38. Rb8+ Ka6 39. Rxb6+ Kxb6
40. Bd4+ Kb7 41. Qb4+ Kc8 42. Be5 Qd5 43. Qb8+ Kd7 44. Qxa7+ Ke6 45. Qb8 Qc5+
46. Kd2 Bf8 47. Qc8+ Bd7 48. Qa6+ Qc6 49. Qxc6+ Bxc6 50. Ke3 Bc5+ 51. Bd4 Bxa3
52. Kf2 Kd5 53. Bg7 Ke6 54. Kg3 Kf7 55. Bd4 Bb4 56. Bf2 Bd2 57. Bd4 Be1+ 58.
Kh3 Bf3 59. Be5 Ke6 60. Bb8 Kd5 61. Bc7 Ke4 62. Bd6 Bh1 63. Bc7 Kf3 64. Bd6
Bg2# 0-1

[Event "Victor Ciocaltea Memorial 2011"]
[Site "Bucharest ROU"]
[Date "2011.03.27"]
[Round "3.3"]
[White "Shishkin, Vadim"]
[Black "Miron, Lucian-Costin"]
[Result "1/2-1/2"]
[WhiteElo "2449"]
[BlackElo "2501"]
[PlyCount "57"]
[EventDate "2011.03.25"]
[EventType "tourn"]
[EventRounds "11"]
[EventCountry "ROM"]
[EventCategory "8"]
[Source "lmi"]
[SourceDate "2011.03.28"]

1. d4 d5 2. c4 e6 3. Nf3 Nf6 4. Nc3 c6 5. Bg5 dxc4 6. e4 b5 7. e5 h6 8. Bh4 g5
9. Bg3 Nd5 10. Nd2 Nd7 11. Be2 Qb6 12. Nde4 Bb7 13. a4 a6 14. O-O Nxc3 15. bxc3
c5 16. dxc5 Bxc5 17. Qc2 Rd8 18. axb5 axb5 19. Kh1 Bd5 20. Bh5 Qc6 21. Rae1 b4
22. f4 b3 23. Qb1 Ra8 24. fxg5 hxg5 25. Bf3 Be7 26. Nd6+ Bxd6 27. exd6 Ra2 28.
Qf5 Kd8 29. Qxg5+ 1/2-1/2

[Event "Victor Ciocaltea Memorial 2011"]
[Site "Bucharest ROU"]
[Date "2011.03.27"]
[Round "3.4"]
[White "Murariu, Andrei"]
[Black "Tazbir, Marcin"]
[Result "0-1"]
[WhiteElo "2503"]
[BlackElo "2527"]
[PlyCount "142"]
[EventDate "2011.03.25"]
[EventType "tourn"]
[EventRounds "11"]
[EventCountry "ROM"]
[EventCategory "8"]
[Source "lmi"]
[SourceDate "2011.03.28"]

1. e4 Nf6 2. e5 Nd5 3. d4 Nb6 4. Nc3 d5 5. Bf4 Bf5 6. g4 Be6 7. h3 Qd7 8. Nf3
h6 9. Qd2 Nc6 10. O-O-O O-O-O 11. b3 g5 12. Bg3 f5 13. gxf5 Bxf5 14. Kb2 e6 15.
h4 g4 16. Ne1 Qe7 17. Nb1 Qf7 18. c3 h5 19. Bf4 Be7 20. Bd3 Rdf8 21. Ng2 Bd8
22. Na3 Bxd3 23. Qxd3 Qf5 24. Nc2 Qxd3 25. Rxd3 Ne7 26. Nce3 Ng6 27. Bg3 Rf3
28. Kc2 Rhf8 29. c4 Kd7 30. c5 Nc8 31. b4 a6 32. a4 b5 33. axb5 axb5 34. Nd1
Rxd3 35. Kxd3 Rf3+ 36. Nde3 Nce7 37. Ne1 Rf8 38. Kd2 Nc6 39. N3c2 Be7 40. Ke3
Rf7 41. f3 Bf8 42. fxg4 hxg4 43. Ke2 Nge7 44. Bf2 Nf5 45. Rg1 Rg7 46. Ng2 g3
47. Be3 Rg4 48. Kf3 Re4 49. Rd1 Bg7 50. h5 Ke7 51. h6 Bxh6 52. Bxh6 Ncxd4+ 53.
Nxd4 Nxd4+ 54. Rxd4 Rxd4 55. Kxg3 Rxb4 56. Be3 Re4 57. Kf3 Rxe5 58. Bf4 Rf5 59.
Nh4 Rf6 60. Ke3 Kd7 61. Nf3 b4 62. Ne5+ Kc8 63. Nd3 b3 64. Be5 Rh6 65. Kd2 Kb7
66. Kc1 Kc6 67. Kb2 Rh3 68. Nc1 Kxc5 69. Nxb3+ Kb6 70. Bd4+ Kb5 71. Kc2 Kc4 0-1

[Event "Victor Ciocaltea Memorial 2011"]
[Site "Bucharest ROU"]
[Date "2011.03.27"]
[Round "3.5"]
[White "Thesing, Matthias"]
[Black "Soltanici, Ruslan"]
[Result "0-1"]
[WhiteElo "2423"]
[BlackElo "2373"]
[PlyCount "76"]
[EventDate "2011.03.25"]
[EventType "tourn"]
[EventRounds "11"]
[EventCountry "ROM"]
[EventCategory "8"]
[Source "lmi"]
[SourceDate "2011.03.28"]

1. e4 c5 2. Nc3 Nc6 3. Bb5 Nd4 4. Bc4 e6 5. Nge2 Nf6 6. O-O a6 7. d3 b5 8. Bb3
Nxb3 9. axb3 Bb7 10. Bg5 Be7 11. e5 Ng4 12. Bxe7 Qxe7 13. d4 Qg5 14. Ng3 Qh4
15. h3 Nxf2 16. Rxf2 Qxg3 17. dxc5 Qxe5 18. b4 Bc6 19. Qd2 O-O 20. Re1 Qh5 21.
Ne2 f6 22. b3 Qd5 23. Qc3 e5 24. Ng3 g6 25. Ne4 Qe6 26. Rd2 Qe7 27. Nf2 Rae8
28. Ng4 h5 29. Ne3 f5 30. Nd5 Qg5 31. Rd3 f4 32. h4 Qxh4 33. Rxe5 Bxd5 34.
Rdxd5 f3 35. gxf3 Qg3+ 36. Kh1 Qh3+ 37. Kg1 Qg3+ 38. Kh1 Rxe5 0-1

[Event "Victor Ciocaltea Memorial 2011"]
[Site "Bucharest ROU"]
[Date "2011.03.27"]
[Round "3.6"]
[White "Georgescu, Tiberiu-Marian"]
[Black "Grigore, George-Gabriel"]
[Result "0-1"]
[WhiteElo "2388"]
[BlackElo "2528"]
[PlyCount "67"]
[EventDate "2011.03.25"]
[EventType "tourn"]
[EventRounds "11"]
[EventCountry "ROM"]
[EventCategory "8"]
[Source "lmi"]
[SourceDate "2011.03.28"]

1. c4 g6 2. g3 Bg7 3. Bg2 Nf6 4. Nc3 O-O 5. e4 c5 6. Nge2 Nc6 7. O-O a6 8. d3
Rb8 9. a4 d6 10. h3 Ne8 11. Be3 Nc7 12. d4 cxd4 13. Nxd4 Bd7 14. b3 Nxd4 15.
Bxd4 a5 16. Nd5 Bxd4 17. Qxd4 e5 18. Qd2 Ne6 19. f4 Bc6 20. f5 Bxd5 21. exd5
Nc5 22. Qh6 Qf6 23. Rae1 Ra8 24. Be4 Qg7 25. Qe3 f6 26. Kh2 g5 27. h4 g4 28.
Kg2 h5 29. Rb1 Ra6 30. Rfe1 Rb6 31. Kf2 Kh7 32. Bc2 Rb4 33. Ke2 Re8 34. Be4 0-1

[Event "Victor Ciocaltea Memorial 2011"]
[Site "Bucharest ROU"]
[Date "2011.03.28"]
[Round "4.1"]
[White "Posedaru, Bogdan"]
[Black "Grigore, George-Gabriel"]
[Result "1/2-1/2"]
[WhiteElo "2318"]
[BlackElo "2528"]
[PlyCount "102"]
[EventDate "2011.03.25"]
[EventType "tourn"]
[EventRounds "11"]
[EventCountry "ROM"]
[EventCategory "8"]
[Source "lmi"]
[SourceDate "2011.03.28"]

1. d4 g6 2. c4 Bg7 3. Nc3 c5 4. d5 Bxc3+ 5. bxc3 f5 6. e4 fxe4 7. f3 e5 8. Qc2
d6 9. fxe4 Nf6 10. Nf3 h6 11. Bd3 g5 12. O-O Qe7 13. Qf2 Nbd7 14. h4 g4 15. Ne1
Qg7 16. g3 Rf8 17. Qe3 Ng8 18. Rxf8+ Kxf8 19. Nc2 Ndf6 20. Bd2 Bd7 21. Rf1 Kf7
22. Qe1 Kg6 23. Ne3 Ne7 24. Qe2 Kh7 25. Rb1 Rb8 26. Rf1 Rf8 27. Rf2 Nh5 28.
Rxf8 Qxf8 29. Kh2 Nf6 30. Bc1 Qg7 31. Qb2 b6 32. Qa3 a5 33. Qb2 Nc8 34. Qf2 Qg6
35. Kg1 Kg7 36. Kh2 Kf7 37. Nc2 Ke8 38. Qe3 Ng8 39. Qd2 Nce7 40. Ne3 Kd8 41.
Nd1 Kc7 42. Qf2 Nf6 43. Qe3 Neg8 44. Qe2 Qg7 45. Ne3 Ne7 46. Nd1 Be8 47. Qd2
Neg8 48. Nf2 Bg6 49. Qe2 Be8 50. Qd2 Bg6 51. Qe2 Be8 1/2-1/2

[Event "Victor Ciocaltea Memorial 2011"]
[Site "Bucharest ROU"]
[Date "2011.03.28"]
[Round "4.2"]
[White "Soltanici, Ruslan"]
[Black "Georgescu, Tiberiu-Marian"]
[Result "1/2-1/2"]
[WhiteElo "2373"]
[BlackElo "2388"]
[PlyCount "45"]
[EventDate "2011.03.25"]
[EventType "tourn"]
[EventRounds "11"]
[EventCountry "ROM"]
[EventCategory "8"]
[Source "lmi"]
[SourceDate "2011.03.28"]

1. e4 c6 2. d4 d5 3. exd5 cxd5 4. c4 Nf6 5. Nc3 Nc6 6. Nf3 Bg4 7. cxd5 Nxd5 8.
Qb3 Bxf3 9. gxf3 e6 10. Qxb7 Nxd4 11. Bb5+ Nxb5 12. Qc6+ Ke7 13. Qxb5 Qd7 14.
Nxd5+ Qxd5 15. Bg5+ f6 16. Qxd5 exd5 17. Be3 Ke6 18. O-O-O Rc8+ 19. Kb1 Bc5 20.
Rhe1 Bxe3 21. Rxe3+ Kd6 22. Ra3 Rhe8 23. Ra6+ 1/2-1/2

[Event "Victor Ciocaltea Memorial 2011"]
[Site "Bucharest ROU"]
[Date "2011.03.28"]
[Round "4.3"]
[White "Tazbir, Marcin"]
[Black "Thesing, Matthias"]
[Result "1/2-1/2"]
[WhiteElo "2527"]
[BlackElo "2423"]
[PlyCount "54"]
[EventDate "2011.03.25"]
[EventType "tourn"]
[EventRounds "11"]
[EventCountry "ROM"]
[EventCategory "8"]
[Source "lmi"]
[SourceDate "2011.03.28"]

1. e4 c5 2. Nf3 e6 3. d4 cxd4 4. Nxd4 a6 5. Bd3 Nf6 6. O-O Qc7 7. Qe2 d6 8. c4
g6 9. Nc3 Bg7 10. Nf3 O-O 11. Rd1 Nc6 12. Bf4 e5 13. Be3 Bg4 14. Rd2 Nd4 15.
Qd1 Bxf3 16. gxf3 Nh5 17. Nd5 Qd8 18. Bf1 Qh4 19. Rc1 f5 20. Bg2 fxe4 21. fxe4
Rf7 22. h3 Nf6 23. Nxf6+ Qxf6 24. c5 h5 25. Kh1 Raf8 26. cxd6 Qxd6 27. f4 Rxf4
1/2-1/2

[Event "Victor Ciocaltea Memorial 2011"]
[Site "Bucharest ROU"]
[Date "2011.03.28"]
[Round "4.4"]
[White "Miron, Lucian-Costin"]
[Black "Murariu, Andrei"]
[Result "0-1"]
[WhiteElo "2501"]
[BlackElo "2503"]
[PlyCount "66"]
[EventDate "2011.03.25"]
[EventType "tourn"]
[EventRounds "11"]
[EventCountry "ROM"]
[EventCategory "8"]
[Source "lmi"]
[SourceDate "2011.03.28"]

1. d4 d5 2. c4 c6 3. Nf3 Nf6 4. e3 Bf5 5. Nc3 e6 6. Nh4 Bg6 7. Nxg6 hxg6 8. a3
Nbd7 9. g3 Be7 10. c5 e5 11. Bg2 O-O 12. b4 b6 13. O-O Qc7 14. Bb2 e4 15. Qc2
Rfe8 16. Rfc1 bxc5 17. bxc5 Nf8 18. Ne2 N8h7 19. Bc3 Qc8 20. Rcb1 Ng5 21. Nf4
Nf3+ 22. Bxf3 exf3 23. Nd3 Qf5 24. Ba5 g5 25. Qd1 Ne4 26. Ne5 Bf6 27. Nxc6 Rec8
28. Nb4 Nd2 29. Kh1 Qh3 30. Qg1 Nxb1 31. Nxd5 Rab8 32. Bb4 a5 33. Nb6 Rxb6 0-1

[Event "Victor Ciocaltea Memorial 2011"]
[Site "Bucharest ROU"]
[Date "2011.03.28"]
[Round "4.5"]
[White "Baratosi, Daniel"]
[Black "Shishkin, Vadim"]
[Result "1/2-1/2"]
[WhiteElo "2390"]
[BlackElo "2449"]
[PlyCount "24"]
[EventDate "2011.03.25"]
[EventType "tourn"]
[EventRounds "11"]
[EventCountry "ROM"]
[EventCategory "8"]
[Source "lmi"]
[SourceDate "2011.03.28"]

1. e4 c5 2. Nf3 Nc6 3. c3 e6 4. d4 d5 5. exd5 exd5 6. Be3 c4 7. b3 cxb3 8. axb3
Bd6 9. g3 Nf6 10. Bg2 O-O 11. O-O h6 12. c4 Be6 1/2-1/2

[Event "Victor Ciocaltea Memorial 2011"]
[Site "Bucharest ROU"]
[Date "2011.03.28"]
[Round "4.6"]
[White "Leniart, Arkadiusz"]
[Black "Szabo, Gergely-Andras-Gyul"]
[Result "0-1"]
[WhiteElo "2442"]
[BlackElo "2534"]
[PlyCount "122"]
[EventDate "2011.03.25"]
[EventType "tourn"]
[EventRounds "11"]
[EventCountry "ROM"]
[EventCategory "8"]
[Source "lmi"]
[SourceDate "2011.03.28"]

1. d4 Nf6 2. c4 c5 3. Nf3 e6 4. Nc3 cxd4 5. Nxd4 Bb4 6. Ndb5 d5 7. Bf4 O-O 8.
e3 a6 9. Nc7 Ra7 10. cxd5 exd5 11. Be2 Nc6 12. O-O Bxc3 13. bxc3 b5 14. a4 Rxc7
15. axb5 axb5 16. Bxb5 Ne7 17. Bxc7 Qxc7 18. Qd4 Nf5 19. Qf4 Qxf4 20. exf4 Be6
21. Bd3 g6 22. Rfc1 Rc8 23. f3 h5 24. Kf2 Nd7 25. Bxf5 Bxf5 26. Ke3 Nc5 27. Ra3
Kg7 28. g3 Nd3 29. Rca1 Re8+ 30. Kd4 Ne1 31. Kxd5 Rd8+ 32. Kc6 Rc8+ 33. Kb7 Nc2
34. Ra8 Rxc3 35. Rf1 Nd4 36. Kb6 Nxf3 37. Rf2 h4 38. gxh4 Nxh4 39. Ra5 Be4 40.
Re5 f5 41. Rc5 Rf3 42. Rxf3 Nxf3 43. Rc7+ Kf6 44. Rh7 Nd4 45. Rh4 Ne6 46. Kb5
Bf3 47. Kc4 Bg4 48. h3 Bh5 49. Kd5 Ke7 50. Ke5 Ng7 51. Kd5 Ne8 52. Ke5 Nf6 53.
Kd4 Kd6 54. Kc4 Nd5 55. Kd4 Nc7 56. Kc4 Ne6 57. Kd3 Kd5 58. Ke3 Nd4 59. Kf2 Ke4
60. Kg3 Nf3 61. Rg4 Bxg4 0-1